000 00556nam a2200169Ia 4500
008 090711s9999 xx 000 0 und d
082 _b9423
100 _aखरे मोरो हरि (संपा.)
245 _aमोडक-कुल-वgतांत
260 _c1946
300 _a491
600 _aखरे मोरो हरि (संपा.)
630 _aमोडक-कुल-वgतांत
700 _aखरे मोरो हरि (संपा.)
730 _aमोडक-कुल-वgतांत
942 _cBOOK
999 _c317335
_d317335